TESTIMONI DELLA REDENZIONE (Record n. 108334)

Dettagli MARC
000 -LEADER
fixed length control field 01070agaaa2200265 4500
001 - CONTROL NUMBER
control field 0537
003 - CONTROL NUMBER IDENTIFIER
control field IT-RoPAU
005 - DATE AND TIME OF LATEST TRANSACTION
control field 20220918181308.0
007 - PHYSICAL DESCRIPTION FIXED FIELD--GENERAL INFORMATION
fixed length control field d cvaizq
008 - FIXED-LENGTH DATA ELEMENTS--GENERAL INFORMATION
fixed length control field 50131s9999||||xx ||| | || ||und||
040 ## - CATALOGING SOURCE
Original cataloging agency IT-RoPAU
Transcribing agency IT-RoPAU
041 ## - LANGUAGE CODE
Language code of text/sound track or separate title ITALIANO
100 ## - MAIN ENTRY--PERSONAL NAME
Personal name Monge Attilio
Miscellaneous information Codice regista SPICS: 3643
9 (RLIN) 55340
130 ## - MAIN ENTRY--UNIFORM TITLE
Uniform title TESTIMONI DELLA REDENZIONE
9 (RLIN) 55341
245 ## - TITLE STATEMENT
Title TESTIMONI DELLA REDENZIONE
Statement of responsibility, etc. Diretto da: Monge Attilio
Name of part/section of a work TESTIMONI DELLA REDENZIONE (Rif. Codice opera principale : V0537)
250 ## - EDITION STATEMENT
Edition statement Edizione Standard
260 ## - PUBLICATION, DISTRIBUTION, ETC. (IMPRINT)
Place of publication, distribution, etc. ROMA (ITALIA)
Name of publisher, distributor, etc. SAMPAOLO FILM AUDIOVISIVI / Distribuzione: SPF FIRENZE
Date of manufacture "1980 (1° ed.: 1993 ; Ed. Lingua Orig.: 1980)"
300 ## - PHYSICAL DESCRIPTION
Extent 16MM
Other physical details sonoro, col.
Dimensions 22 minuti
520 ## - SUMMARY, ETC.
Summary, etc. IL CORTOMETRAGGIO SVILUPPA IL TEMA DELLA RICONCILIAZIONE ATTRAVERSO FATTI STORICI E DI CRONACA RECENTE.
538 ## - SYSTEM DETAILS NOTE
System details note MONO
546 ## - LANGUAGE NOTE
Language note ITALIANO
650 ## - SUBJECT ADDED ENTRY--TOPICAL TERM
Topical term or geographic name as entry element RELIGIOSO
Relator term PELLICOLE [16MM]
General subdivision Codice MATERIA SPICS: 9956
9 (RLIN) 43912
700 ## - ADDED ENTRY--PERSONAL NAME
Personal name Monge Attilio
Relator term (regista)
Miscellaneous information Codice regista SPICS: 3643
9 (RLIN) 55342
942 ## - ADDED ENTRY ELEMENTS (KOHA)
Koha item type 16 MM
Source of classification or shelving scheme Dewey Decimal Classification
Dati di copia
Withdrawn status Lost status Damaged status Not for loan Home library Current library Date acquired Total Checkouts Full call number Date last seen Price effective from Koha item type Public note
    Buone Condizioni Not For Loan SPICS-MEDIATECA SPICS-MEDIATECA 31/01/2015   V0537 31/01/2015 31/01/2015 16 MM Progr. Ins.: 869 / N.Vol.:1 / Copie: 2 / Pag.:0 / Copia rara: n.d. / date import: 1.2.2015 / By Epidotti, Trombetti, Vaglietti - CUSTODITA PRESSO FILMOTECA VATICANA
CREDITS: SOCIETA' SAN PAOLO Via A.Severo, 58 - ROMA (RM) & PERIODICI SAN PAOLO SRL Via Giotto, 36 MILANO & CISF Via Giotto, 36 MILANO & EDIZIONI SAN PAOLO SRL,  Piazza Soncino, 5 CINISELLO BALSAMO (MI) -- ITALY